Normal view
MARC view
Entry Topical Term
001 - CONTROL NUMBER
- control field: 40313
003 - CONTROL NUMBER IDENTIFIER
- control field: OSt
005 - DATE AND TIME OF LATEST TRANSACTION
- control field: 20260509134517.0
008 - FIXED-LENGTH DATA ELEMENTS
- fixed length control field: 260509|| aca||aabn | a|a d
040 ## - CATALOGING SOURCE
- Original cataloging agency: OSt
- Transcribing agency: OSt
150 ## - HEADING--TOPICAL TERM
- Chronological subdivision: G4767
670 ## - SOURCE DATA FOUND
- Source citation: Work cat.: (OSt)90284: Sonvanee Om Prakash And Sahu Yogeshwari 40311, Agricultural Finance And Co-operation , कृषि वित्त एवम सहकारिता, 2024




